[Event "SVK-ch Amateurs"]
[Site "Topolcany"]
[Date "2017.07.21"]
[Round "3"]
[White "Valkovic, Tomas"]
[Black "Sosovicka, Juraj"]
[Result "1/2-1/2"]
[WhiteElo "1975"]
[BlackElo "2133"]
[PlyCount "106"]
[EventDate "2017.07.20"]
[EventType "swiss"]
[EventRounds "7"]
[EventCountry "SVK"]
[SourceTitle "CBM 179 Extra"]
[Source "ChessBase"]
[SourceDate "2017.08.23"]
[SourceVersion "1"]
[SourceVersionDate "2017.08.23"]
[SourceQuality "1"]

1. d4 d5 2. c4 c6 3. Nf3 Nf6 4. Nc3 e6 5. g3 Nbd7 6. cxd5 exd5 7. Bg2 Bd6 8. 0-0 0-0 9. Qc2 Re8 10. Rd1 Nb6 11. b3 Bg4 12. Bg5 h6 13. Bc1 Qd7 14. Bb2 Bf5 15. Qc1 Ne4 16. Nxe4 Bxe4 17. Ba3 a5 18. Bc5 Qc7 19. Qa3 Bxc5 20. dxc5 Nd7 21. Nd4 Nf6 22. Qb2 Qe5 23. a3 Bxg2 24. Kxg2 Ne4 25. Rab1 Nxc5 26. b4 Ne6 27. Nxe6 Qxb2 28. Rxb2 Rxe6 29. b5 Rae8 30. e3 Re4 31. bxc6 bxc6 32. Rc2 R8e6 33. Rc5 Ra4 34. Rd3 Kf8 35. f3 Ke7 36. Rdc3 Kd7 37. Kf2 d4 38. exd4 Rxd4 39. g4 a4 40. R5c4 Rd2+ 41. Kg3 g5 42. f4 Ree2 43. fxg5 hxg5 44. Rxc6 Rg2+ 45. Kf3 Rxh2 46. Ke4 Rhe2+ 47. Kf5 Rd5+ 48. Kf6 Rf2+ 49. Kg7 f5 50. gxf5 Rfxf5 51. Rc7+ Kd6 52. R7c4 Rf4 53. Kg6 Ke5 1/2-1/2

[Event "Banska Stiavnica V4 op"]
[Site "Banska Stiavnica"]
[Date "2016.07.06"]
[Round "5"]
[White "Zpevakova, Katerina1111"]
[Black "Valkovic, Tomas"]
[Result "1-0"]
[WhiteElo "1476"]
[BlackElo "1991"]
[PlyCount "85"]
[EventDate "2016.07.02"]
[EventType "swiss"]
[EventRounds "9"]
[EventCountry "SVK"]
[SourceTitle "CBM 173 Extra"]
[Source "ChessBase"]
[SourceDate "2016.08.29"]
[SourceVersion "1"]
[SourceVersionDate "2016.08.29"]
[SourceQuality "1"]

1. Nf3 Nf6 2. g3 g6 3. Bg2 d6 4. d3 Bg7 5. c3 e5 6. e4 0-0 7. 0-0 Nc6 8. Nbd2 Nh5 9. Nc4 Bg4 10. Ne3 Bd7 11. Bd2 Ne7 12. b4 c6 13. c4 a5 14. a3 b6 15. Bc3 Nf6 16. Nh4 Ne8 17. Qd2 a4 18. Rad1 c5 19. b5 Ra7 20. f4 exf4 21. gxf4 f5 22. exf5 Nxf5 23. Nhxf5 Bxf5 24. d4 Qb8 25. dxc5 dxc5 26. Qd5+ Kh8 27. Be5 Bxe5 28. Qxe5+ Qxe5 29. fxe5 Ng7 30. Rd6 Rb8 31. Rfd1 h6 32. Rd8+ Rxd8 33. Rxd8+ Kh7 34. Nd5 Ne6 35. Rd6 Nd4 36. Rxb6 Bd3 37. Ne3 Re7 38. Rb7 Rxb7 39. Bxb7 Bxc4 40. Nxc4 Nxb5 41. Bc6 Nc3 42. e6 Kg7 43. e7 1-0

[Event "Banska Stiavnica V4 op"]
[Site "Banska Stiavnica"]
[Date "2016.07.05"]
[Round "4"]
[White "Valkovic, Tomas"]
[Black "Polyik, Peter"]
[Result "0-1"]
[WhiteElo "1991"]
[BlackElo "2196"]
[PlyCount "68"]
[EventDate "2016.07.02"]
[EventType "swiss"]
[EventRounds "9"]
[EventCountry "SVK"]
[SourceTitle "CBM 173 Extra"]
[Source "ChessBase"]
[SourceDate "2016.08.29"]
[SourceVersion "1"]
[SourceVersionDate "2016.08.29"]
[SourceQuality "1"]

1. d4 c5 2. e3 d5 3. Nf3 Nc6 4. Be2 Bg4 5. 0-0 e6 6. dxc5 Bxc5 7. c4 Nf6 8. Nc3 dxc4 9. Qa4 0-0 10. Qxc4 Qe7 11. a3 Rac8 12. Qa4 e5 13. e4 Nd4 14. Nxd4 exd4 15. Nd5 Qxe4 16. Nxf6+ gxf6 17. Bxg4 Qxg4 18. Bh6 Rfd8 19. Rad1 Kh8 20. Rd3 Qg6 21. Rh3 Rg8 22. g3 Qg4 23. Kg2 Rce8 24. Qc4 Qe4+ 25. Kg1 Qe6 26. Qxe6 fxe6 27. Bd2 e5 28. Re1 Rg7 29. Rh4 Rc7 30. Rhe4 Bb6 31. f4 Rc2 32. Bb4 d3+ 33. Kf1 Rf2+ 34. Kg1 d2 0-1

[Event "Tatry op"]
[Site "Tatranske Zruby"]
[Date "2015.09.30"]
[Round "6"]
[White "Volodin, Viktor Nikolaevich"]
[Black "Valkovic, Tomas"]
[Result "1-0"]
[WhiteElo "2198"]
[BlackElo "2000"]
[PlyCount "69"]
[EventDate "2015.09.26"]
[EventType "swiss"]
[EventRounds "9"]
[EventCountry "SVK"]
[SourceTitle "CBM 168 Extra"]
[Source "ChessBase"]
[SourceDate "2015.10.29"]
[SourceVersion "1"]
[SourceVersionDate "2015.10.29"]
[SourceQuality "1"]

1. Nf3 c5 2. c4 Nc6 3. d4 cxd4 4. Nxd4 Nf6 5. Nc3 g6 6. e4 d6 7. Be2 Bg7 8. Be3 0-0 9. 0-0 Bd7 10. f3 Re8 11. Qd2 a6 12. Rac1 Rc8 13. Rfd1 Nxd4 14. Bxd4 Bc6 15. Be3 Qa5 16. a3 Qd8 17. b4 Ra8 18. Bf1 b6 19. Qf2 Nd7 20. Nd5 Bxd5 21. cxd5 b5 22. Rc6 Ne5 23. Bb6 Qb8 24. Rc7 Rc8 25. Rdc1 Rxc7 26. Rxc7 Qe8 27. Qc2 g5 28. Be2 Bf6 29. g3 Kf8 30. f4 Nd7 31. Be3 gxf4 32. gxf4 Kg8 33. Qc6 Nf8 34. Ra7 Rxa7 35. Qxe8 1-0

[Event "Bratislava Doprastav op"]
[Site "Bratislava"]
[Date "2013.07.03"]
[Round "7"]
[White "Jancovic, Peter"]
[Black "Valkovic, Tomas"]
[Result "1-0"]
[WhiteElo "2172"]
[BlackElo "1948"]
[PlyCount "65"]
[EventDate "2013.06.28"]
[EventType "swiss"]
[EventRounds "9"]
[EventCountry "SVK"]
[SourceTitle "EXT 2015"]
[Source "ChessBase"]
[SourceDate "2014.11.20"]
[SourceVersion "1"]
[SourceVersionDate "2014.11.20"]
[SourceQuality "1"]

1. e4 e5 2. Nf3 Nc6 3. d4 exd4 4. Nxd4 Bc5 5. Nb3 Bb4+ 6. c3 Be7 7. Bc4 Nf6 8. 0-0 0-0 9. Re1 d6 10. Bf4 Ne5 11. Bf1 Bd7 12. a4 a6 13. N1d2 b5 14. axb5 axb5 15. Nd4 Rb8 16. b4 Qc8 17. Bg3 Rb7 18. N2b3 Ng6 19. Nf5 Bd8 20. Bd3 Re8 21. Nbd4 Ne7 22. Ne3 Ng6 23. Nd5 Nxd5 24. exd5 Ne5 25. Bxe5 dxe5 26. Qe2 c5 27. dxc6 Bxc6 28. Nxc6 Qxc6 29. Be4 Qb6 30. Bxb7 Qxb7 31. h3 Bb6 32. Qe4 Qc7 33. Ra8 1-0

[Event "Bratislava Doprastav op"]
[Site "Bratislava"]
[Date "2013.06.30"]
[Round "4"]
[White "Vitazka, Juraj"]
[Black "Valkovic, Tomas"]
[Result "0-1"]
[WhiteElo "1775"]
[BlackElo "1948"]
[PlyCount "38"]
[EventDate "2013.06.28"]
[EventType "swiss"]
[EventRounds "9"]
[EventCountry "SVK"]
[SourceTitle "EXT 2015"]
[Source "ChessBase"]
[SourceDate "2014.11.20"]
[SourceVersion "1"]
[SourceVersionDate "2014.11.20"]
[SourceQuality "1"]

1. e4 c6 2. Nc3 d5 3. Qf3 d4 4. Bc4 e6 5. Nce2 b5 6. Bd3 e5 7. Qg3 Nd7 8. Nf3 Qe7 9. c3 dxc3 10. dxc3 g6 11. 0-0 Bg7 12. Bc2 Ngf6 13. Bg5 Qc5 14. Be3 Qe7 15. Bg5 0-0 16. Rfd1 Re8 17. Rd3 h6 18. Bxf6 Nxf6 19. Rd2 Nxe4 0-1

[Event "IECG TE.2003.P.01202 email"]
[Site "IECG email"]
[Date "2003.08.18"]
[Round "?"]
[White "Valkovic, Tomas"]
[Black "Tortosa, Horacio"]
[Result "0-1"]
[WhiteElo "1500"]
[BlackElo "1654"]
[PlyCount "24"]
[EventDate "2003.08.18"]
[EventType "tourn (corr)"]
[EventRounds "12"]
[SourceTitle "Corr 2008"]
[Source "ChessBase"]
[SourceDate "2008.06.24"]
[SourceVersion "1"]
[SourceVersionDate "2008.06.24"]
[SourceQuality "1"]

1. e4 d5 2. exd5 Qxd5 3. Nc3 Qd6 4. d4 Nf6 5. Nf3 a6 6. Bd3 Nc6 7. 0-0 Bg4 8. Ne4 Nxe4 9. Bxe4 f5 10. Bxc6+ Qxc6 11. d5 Qd6 12. h3 Bh5 0-1

[Event "IECG CP.2002.P.00045 email"]
[Site "IECG email"]
[Date "2002.10.01"]
[Round "?"]
[White "Baxter, Chris"]
[Black "Valkovic, Tomas"]
[Result "1-0"]
[WhiteElo "2040"]
[BlackElo "1500"]
[PlyCount "53"]
[EventDate "2002.10.01"]
[EventType "tourn (corr)"]
[EventRounds "6"]
[EventCountry "ENG"]
[SourceTitle "Corr 2008"]
[Source "ChessBase"]
[SourceDate "2008.06.24"]
[SourceVersion "1"]
[SourceVersionDate "2008.06.24"]
[SourceQuality "1"]

1. d4 Nf6 2. Nf3 d5 3. e3 e6 4. Bd3 c5 5. b3 Nc6 6. 0-0 Bd6 7. Bb2 0-0 8. Nbd2 cxd4 9. exd4 Nh5 10. g3 Nf6 11. a3 b6 12. Ne5 Bb7 13. f4 Rc8 14. Qe2 Qc7 15. g4 a6 16. g5 Nd7 17. Bxh7+ Kxh7 18. Qh5+ Kg8 19. Rf3 Ncxe5 20. fxe5 Nxe5 21. dxe5 Qxc2 22. exd6 Qxb2 23. Rh3 f5 24. g6 Rc1+ 25. Nf1 Qd4+ 26. Kh1 Qe4+ 27. Rf3 1-0

[Event "IECG CP.2002.P.00045 email"]
[Site "IECG email"]
[Date "2002.10.01"]
[Round "?"]
[White "Hallengren, Boris"]
[Black "Valkovic, Tomas"]
[Result "1-0"]
[WhiteElo "2251"]
[BlackElo "1500"]
[PlyCount "59"]
[EventDate "2002.10.01"]
[EventType "tourn (corr)"]
[EventRounds "6"]
[EventCountry "ENG"]
[SourceTitle "Corr 2008"]
[Source "ChessBase"]
[SourceDate "2008.06.24"]
[SourceVersion "1"]
[SourceVersionDate "2008.06.24"]
[SourceQuality "1"]

1. e4 e5 2. Nf3 Nc6 3. Bb5 a6 4. Ba4 b5 5. Bb3 Nf6 6. 0-0 Bc5 7. c3 Nxe4 8. Qe2 d5 9. d3 Bxf2+ 10. Rxf2 Nxf2 11. Qxf2 Qd6 12. Be3 Bf5 13. Bc5 Qd7 14. Bc2 f6 15. Nbd2 Nd8 16. a4 c6 17. axb5 cxb5 18. Re1 Rc8 19. Nb3 Bg4 20. Nxe5 fxe5 21. Rxe5+ Be6 22. Ba3 Qf7 23. Qb6 Rc6 24. Qb8 Qd7 25. Nd4 Rc8 26. Qb6 Kf7 27. Nxe6 Nxe6 28. Qf2+ Kg8 29. Bb3 h5 30. Rxd5 1-0

[Event "IECG CP.2002.P.00045 email"]
[Site "IECG email"]
[Date "2002.10.01"]
[Round "?"]
[White "Valkovic, Tomas"]
[Black "Vyt, Johan"]
[Result "1-0"]
[WhiteElo "1500"]
[BlackElo "1719"]
[PlyCount "123"]
[EventDate "2002.10.01"]
[EventType "tourn (corr)"]
[EventRounds "6"]
[EventCountry "ENG"]
[SourceTitle "Corr 2008"]
[Source "ChessBase"]
[SourceDate "2008.06.24"]
[SourceVersion "1"]
[SourceVersionDate "2008.06.24"]
[SourceQuality "1"]

1. d4 Nf6 2. c4 e6 3. Nc3 Bb4 4. Qc2 0-0 5. a3 Bxc3+ 6. bxc3 d6 7. e4 Nxe4 8. Qxe4 e5 9. dxe5 Nd7 10. Bd3 Nf6 11. Qh4 dxe5 12. Bc2 h6 13. Nf3 e4 14. Nd4 c5 15. Nb3 b6 16. 0-0 Re8 17. Rd1 Qe7 18. Qg3 Qe6 19. Rd6 Qe7 20. Bf4 Nh5 21. Qe3 g5 22. Bg3 f5 23. Rxh6 f4 24. Qxe4 Qxe4 25. Bxe4 Rxe4 26. Rxh5 fxg3 27. Rxg5+ Kf7 28. fxg3 Rxc4 29. Rf1+ Ke7 30. Re5+ Kd8 31. Re3 Ra4 32. Ra1 Kc7 33. Nd2 Bf5 34. Nf3 Rd8 35. Kf2 Bc2 36. h3 Rd1 37. Rxd1 Bxd1 38. Ke1 Bb3 39. h4 Rxa3 40. h5 Ra1+ 41. Kf2 Rh1 42. Nh4 Kd8 43. Rd3+ Ke8 44. h6 Bg8 45. Rd5 a5 46. Rg5 Kf8 47. Rh5 Ke8 48. h7 Bxh7 49. Rxh7 Rc1 50. g4 Rc2+ 51. Ke1 Rxc3 52. Nf5 Rc1+ 53. Kd2 Rb1 54. Kc3 Rb4 55. g5 Rg4 56. Ra7 b5 57. Ng7+ Kf8 58. Ne6+ Ke8 59. Rxa5 Kf7 60. Ra6 Rg3+ 61. Kd2 Rxg2+ 62. Ke3 1-0